| 000 | 00827nam a22001817a 4500 | ||
|---|---|---|---|
| 999 |
_c17712 _d17712 |
||
| 003 | AR-CdUCM | ||
| 008 | 190509b ||||| |||| 00| 0 spa d | ||
| 040 |
_aMUNICIPALIDAD PROVINCIAL DEL CUSCO _cBIBLIOTECA MUNICIPAL DEL CUSCO |
||
| 082 |
_a985.008 / _bM95 |
||
| 110 |
_aMunicipalidad de Santa Eulalia de Acopaya. _937855 |
||
| 245 |
_aHuarochici : _bOcho mil años de historia / |
||
| 260 |
_aLima : _bMunicipalidad de Santa Eulalia de Acopaya, _c1992. |
||
| 300 |
_a2 tomos ; _c21 cm. |
||
| 505 | _aContenido :Arqueología de Huarochiri -- Los Yaros en la historia de Huarochiri -- Relatos Huarochiranos -- Poder económico de los caciques -- t.2: Colonizacion mental y resistencia andina -- Rebeliones populares en Huarochiri colonial... | ||
| 650 |
_aHuarochiri. _937856 |
||
| 942 |
_2ddc _cLIBROS |
||
| 945 |
_arum _d2019-05-09 |
||